000 01212nam a22002537i 4500
003 URS
005 20240416181812.0
008 200117b ||||| |||| 00| 0 eng d
050 0 0 _aLC 4023
_bL11 2015
100 1 _aLagrimas, Albert Aurora
245 1 0 _aPagbuo, Balidasyon at Pagtanggap sa Kompyuter Aided na Kagamitang Pangtuturo sa Wika/
_cLagrimas, Albert Aurora
260 1 _c2015
300 _axiv, 130 leaves:
_billustrations,
_c28.5 cm
336 _2rdacontext
_atext
337 _2rdamedia
_aunmediated
338 _2rdacarrier
_avolume
502 _aGraduate School Thesis
_bDalubhasa sa Sining ng Pagtuturo Medyor sa Filipino (MAT-Filipino)
_cUniversity of Rizal System, Rodriguez, Rizal
520 _aAng Layunin ng pag-aaral na ito ay Pagbuo, Balidasyon at Pagtanggap sa Kompyuter Aided na Kagamitang Pangtuturo (KAKP) sa Wika. Isinasagawa ito sa La Salle Green Hills sa antas ng Elementarya s Taong Panruan 2014-2015.
650 _2Wika at mga Wika--Ng Pagamit sa Kompyuter
650 _2Teaching--Computer-Aided design.
650 _2Teaching--Computer-aided design, language
856 _3Online Request for Student Unpublished Works
_uhttps://forms.gle/7LqvGGkaDrUQqz429
942 _2lcc
_cT
999 _c78035
_d78034